00193nam a2200085Ia 4500008004100000100001500041245002500056260001700081260000900098180219s9999 xx 000 0 und d aSharma R A 0aComparativ Education aR Lal Meerut c2013